000 00802nam a2200253Ia 4500
003 OSt
005 20221005093409.0
006 a|||||r|||| 00| 0
007 ta
008 221004b |||||||| |||| 00| 0 eng d
020 _a9780802714668
_c1285.48
024 _a101674
037 _b3764, 25/03/2010, Bharat Scientific Syndicate
_cTextual
040 _aCRL
_cCRL
_beng
041 _2eng
_aeng
082 _aNQ53,M7, P6
100 _aKing Ross
_9618346
245 0 _aJudgment of Paris
_b Revolutionary decade that gave the world impressionism
260 _aNew York
_bWalker and Company2006 USA
_c2006
300 _axiii,448p.
_ccm.
650 _aARTS
942 _hNQ53,M7, P6
_cTEXL
_2cc
999 _c1000326
_d1000326